Homophone - Statistiques

Statistiques générales
  • Ce quiz a été pris 233 fois
  • Le résultat moyen est 15 sur 15
Statistiques - réponses
Homophone De % Correct
Mer Maire|Mère
100%
Pair Paire|père
100%
Vert Verre|Vers|Vair
100%
Amande Amende
99%
Bal Balle
99%
Conte Compte|comte
99%
Cher Chaire|Chair|Chère
99%
Cent Sans|sang
99%
Tente Tante
99%
Saut Sceau|Sot|seau
98%
Air Aire|Ère
95%
Maître Mètre
95%
Voix Voie
95%
Pot Peau
94%
Pain Pin
94%
Aucun quiz correspondant
Distribution des résultats
% des personnes avec chaque résultat
Percentile par nombre de réponses
Votre historique - résultats
Vous n’avez pas pris ce quiz